2014 College Football Bowl Participants - Statistics

General Stats
  • This quiz has been taken 67 times
  • The average score is 55 of 76
Answer Stats
Hint Answer % Correct
Goodyear Cotton Bowl Classic Michigan State
96%
Ohio State
96%
Allstate Sugar Bowl Alabama
94%
Florida
93%
Florida State
93%
Rose Bowl Game Presented by Northwestern Mutual Oregon
93%
Texas
93%
TCU
91%
LSU
89%
UCLA
89%
Arizona
87%
Hyundai Sun Bowl Arizona State
87%
Outback Bowl Auburn
87%
National University Holiday Bowl Nebraska
87%
Russell Athletic Bowl Oklahoma
87%
Belk Bowl Georgia
85%
Chick-fil-A Peach Bowl Ole Miss
85%
USC
85%
TicketCity Cactus Bowl Washington
85%
Advocare V100 Texas Bowl Arkansas
83%
Clemson
83%
Minnesota
83%
Oklahoma State
83%
Tennessee
83%
AutoZone Liberty Bowl Texas A&M
83%
Baylor
81%
VIZIO Fiesta Bowl Boise State
81%
TaxSlayer Bowl Iowa
81%
South Carolina
81%
Stanford
81%
Duck Commander Independence Bowl Miami
80%
Capital One Orange Bowl Mississippi State
80%
Buffalo Wild Wings Citrus Bowl Missouri
80%
Wisconsin
80%
Valero Alamo Bowl Kansas State
78%
San Diego County Credit Union Poinsettia Bowl Navy
78%
New Era Pinstripe Bowl Boston College
76%
BYU
76%
Georgia Tech
76%
Foster Farms Bowl Maryland
76%
Virginia Tech
76%
Colorado State
74%
Duke
74%
Franklin American Mortgage Music City Bowl Notre Dame
74%
Penn State
74%
San Diego State
74%
West Virginia
74%
North Carolina
72%
Pittsburgh
70%
Royal Purple Las Vegas Bowl Utah
70%
Famous Idaho Potato Bowl Air Force
67%
Zaxby's Heart of Dallas Bowl Illinois
67%
Louisville
67%
UCF
67%
Bitcoin St. Petersburg Bowl NC State
65%
Lockheed Martin Armed Forces Bowl Houston
63%
Miami Beach Bowl Memphis
63%
Quick Lane Bowl Rutgers
63%
Nevada
61%
Hawai'i Bowl Fresno State
59%
Gildan New Mexico Bowl Utah State
56%
Western Michigan
56%
Arkansas State
54%
R + L Carriers New Orleans Bowl Louisiana-Lafayette
54%
Popeyes Bahamas Bowl Central Michigan
52%
Louisiana Tech
52%
Rice
52%
UTEP
52%
Western Kentucky
50%
Boca Raton Bowl Marshall
48%
Military Bowl Presented by Northrop Grumman Cincinnati
46%
GoDaddy Bowl Toledo
46%
Birmingham Bowl East Carolina
44%
Raycom Media Camellia Bowl Bowling Green
37%
Northern Illinois
35%
South Alabama
26%
No matching quizzes found
Score Distribution
Percent of People with Each Score
Percentile by Number Answered
Your Score History
You have not taken this quiz